<?xml version="1.0" encoding="UTF-8"?>
<collection xmlns="http://www.loc.gov/MARC21/slim">
  <record>
    <leader>00000nam  2200000   4500</leader>
    <controlfield tag="001">INLIS000000000018305</controlfield>
    <controlfield tag="005">20240926090117</controlfield>
    <datafield tag="035" ind1="#" ind2="#">
      <subfield code="a">0010-0924000134</subfield>
    </datafield>
    <controlfield tag="007">ta</controlfield>
    <controlfield tag="008">240926###########################0######</controlfield>
    <datafield tag="245" ind1="#" ind2="#">
      <subfield code="a">BERLAYAR BARENG :</subfield>
      <subfield code="b">Basis Permohonan Layanan Pemeliharaan Barang Milik Negara /</subfield>
      <subfield code="c">Fatmawaty Baud, S.E</subfield>
    </datafield>
    <datafield tag="260" ind1="#" ind2="#">
      <subfield code="a">Makassar :</subfield>
      <subfield code="b">Puslatbang KMP LAN,</subfield>
      <subfield code="c">2023</subfield>
    </datafield>
    <datafield tag="300" ind1="#" ind2="#">
      <subfield code="a">27 ;</subfield>
      <subfield code="c">30</subfield>
    </datafield>
    <datafield tag="700" ind1=" " ind2="#">
      <subfield code="a">Nurwahyudianti, SS.,M.HRM.IR (Coach)</subfield>
    </datafield>
    <datafield tag="700" ind1=" " ind2="#">
      <subfield code="a">M. Kasim Umasangadji, SH.,M.S.I (Mentor)</subfield>
    </datafield>
    <datafield tag="520" ind1="#" ind2="#">
      <subfield code="a">Pemeliharaan BMN yang dilakukan oleh Kantor Wilayah Kementerian Hukum dan HAM Maluku Utara saat ini masih belum optimal, Pengajuan permohonan pemeliharaan dilakukan dengan pengisian form secara manual serta Basis Data Pengguna BMN yang masih berupa data Excel dan belum bisa diakses Stakeholder sampai tahun 2023.&#13;
&#13;
Untuk mengatasi masalah tersebut, diperlukan sebuah strategi layanan pengajuan pemeliharaan Barang Milik Negara berbasis digital untuk mempersingkat alur administrasi yang dibutuhkan. Hal ini sejalan dengan arahan Reformasi Birokrasi Tematik saat ini dibutuhkan digitalisasi administrasi pemerintahan yang mendorong terciptanya birokrasi tangkas yang berbasis struktur digital, budaya digital dan kompetensi digital pada birokrasi.&#13;
&#13;
"Berlayar Bareng" (Basis Permohonan Layanan Pemeliharaan Barang Milik Negara) merupakan wadah bagi para pengguna barang BMN di Kanwil Kemenkumham Maluku Utara yang telah diberikan kewenangan dalam menggunakan jenis barang untuk dapat mempermudah dalam proses pengajuan pemeliharaan barang dengan memanfaatkan teknologi informasi berbasis website&#13;
&#13;
Rancangan aksi ini diharapkan dapat menjadi solusi bagi seluruh jajaran Kantor Wilayah Kementerian Hukum dan HAM Maluku Utara dalam upaya peningkatan Pelayanan terhadap pemeliharaan Barang Milik Negara yang efisien dan andal melalui layanan pengajuan pemeliharaan berbasis web.</subfield>
    </datafield>
    <datafield tag="600" ind1="#" ind2="4">
      <subfield code="a">Basis Permohonan Layanan Pemeliharaan Barang Milik Negara</subfield>
    </datafield>
    <datafield tag="856" ind1="#" ind2="#">
      <subfield code="a">Puslatbang KMP LAN Makassar</subfield>
    </datafield>
  </record>
</collection>
